Estadísticas para Huesos de la mano

Haz click aquí para intentar la prueba.

Estadísticas generales

  • Esta prueba ha sido intentada 10 veces
  • La puntuación promedio es 11 de 16

Estadísticas de respuestas

Huesos de la mano% Correcto
Falanges distales
100%
Falanges proximales
100%
Falanges mediales
89%
Piramidal
78%
Trapecio
78%
Trapezoide
78%
Ganchoso
67%
Pisiforme
67%
Semilunar
67%
Escafoides
56%
Grande
56%
Metacarpiano I
56%
Metacarpiano II
56%
Metacarpiano III
56%
Metacarpiano IV
56%
Metacarpiano V
56%

Distribución de puntuación

Porcentaje por número respondido

Porcentaje de gente con cada puntuación

Historial de tus puntuaciones

No has intentado esta prueba.